<?xml version="1.0" encoding="UTF-8"?>
<record
    xmlns:xsi="http://www.w3.org/2001/XMLSchema-instance"
    xsi:schemaLocation="http://www.loc.gov/MARC21/slim http://www.loc.gov/standards/marcxml/schema/MARC21slim.xsd"
    xmlns="http://www.loc.gov/MARC21/slim">

  <leader>01637cam a22003374a 4500</leader>
  <controlfield tag="001">12167</controlfield>
  <controlfield tag="003">BD-RjUL</controlfield>
  <controlfield tag="005">20211208235239.0</controlfield>
  <controlfield tag="008">140128s2003    orua     b    001 0 eng</controlfield>
  <datafield tag="020" ind1=" " ind2=" ">
    <subfield code="a">0881925861</subfield>
  </datafield>
  <datafield tag="035" ind1=" " ind2=" ">
    <subfield code="a">(BD-RjUL)12216</subfield>
  </datafield>
  <datafield tag="040" ind1=" " ind2=" ">
    <subfield code="a">DLC</subfield>
    <subfield code="c">DLC</subfield>
    <subfield code="d">DLC</subfield>
    <subfield code="d">BD-RjUL</subfield>
    <subfield code="b">eng</subfield>
  </datafield>
  <datafield tag="041" ind1=" " ind2=" ">
    <subfield code="a">eng</subfield>
  </datafield>
  <datafield tag="082" ind1="0" ind2="0">
    <subfield code="a">579.6163</subfield>
    <subfield code="2">21</subfield>
    <subfield code="b">EDI</subfield>
  </datafield>
  <datafield tag="245" ind1="0" ind2="0">
    <subfield code="a">Edible and poisonous mushrooms of the world /</subfield>
    <subfield code="c">Ian R. Hall ... [et al.].</subfield>
  </datafield>
  <datafield tag="260" ind1=" " ind2=" ">
    <subfield code="a">Portland :</subfield>
    <subfield code="b">Timber Press,</subfield>
    <subfield code="c">2003.</subfield>
  </datafield>
  <datafield tag="300" ind1=" " ind2=" ">
    <subfield code="a">371 p. :</subfield>
    <subfield code="b">col. ill. ;</subfield>
    <subfield code="c">24 cm.</subfield>
  </datafield>
  <datafield tag="504" ind1=" " ind2=" ">
    <subfield code="a">Includes bibliographical references (p. [327]-346).</subfield>
  </datafield>
  <datafield tag="505" ind1="8" ind2=" ">
    <subfield code="a">Machine generated contents note:  Warnings 6 -- Preface 10 -- Acknowledgments 12 -- Introduction 13 CULTIVATING MUSHROOMS 27 -- COLLECTING WILD MUSHROOMS 93 -- A LIST OF WILD MUSHROOMS 119 Conversion Chart 301 -- Chinese Names of Mushrooms 303 -- Helpful Addresses 318 -- Web Sites 21 -- Glossary 323 -- References and Further Reading 327 -- About the Authors 347 -- Index 349.</subfield>
  </datafield>
  <datafield tag="650" ind1=" " ind2="0">
    <subfield code="a">Edible mushrooms</subfield>
    <subfield code="v">Identification.</subfield>
    <subfield code="9">37670</subfield>
  </datafield>
  <datafield tag="650" ind1=" " ind2="0">
    <subfield code="a">Mushrooms, Poisonous</subfield>
    <subfield code="v">Identification.</subfield>
    <subfield code="9">37671</subfield>
  </datafield>
  <datafield tag="650" ind1=" " ind2="0">
    <subfield code="a">Edible mushrooms</subfield>
    <subfield code="v">Pictorial works.</subfield>
    <subfield code="9">37672</subfield>
  </datafield>
  <datafield tag="650" ind1=" " ind2="0">
    <subfield code="a">Mushrooms, Poisonous</subfield>
    <subfield code="v">Pictorial works.</subfield>
    <subfield code="9">37673</subfield>
  </datafield>
  <datafield tag="700" ind1="1" ind2=" ">
    <subfield code="a">Hall, Ian R.</subfield>
    <subfield code="q">(Ian Robert),</subfield>
    <subfield code="d">1946-</subfield>
    <subfield code="9">37674</subfield>
  </datafield>
  <datafield tag="856" ind1="4" ind2="1">
    <subfield code="3">Table of contents</subfield>
    <subfield code="u">http://www.loc.gov/catdir/toc/fy041/2002075652.html</subfield>
  </datafield>
  <datafield tag="856" ind1="4" ind2="2">
    <subfield code="3">Book review (E-STREAMS)</subfield>
    <subfield code="u">http://www.e-streams.com/es0701/es0701_2955.html</subfield>
  </datafield>
  <datafield tag="856" ind1="4" ind2="2">
    <subfield code="3">Publisher description</subfield>
    <subfield code="u">http://www.loc.gov/catdir/enhancements/fy0650/2002075652-d.html</subfield>
  </datafield>
  <datafield tag="942" ind1=" " ind2=" ">
    <subfield code="2">ddc</subfield>
    <subfield code="c">BK</subfield>
  </datafield>
  <datafield tag="999" ind1=" " ind2=" ">
    <subfield code="c">12167</subfield>
    <subfield code="d">12167</subfield>
  </datafield>
  <datafield tag="952" ind1=" " ind2=" ">
    <subfield code="0">0</subfield>
    <subfield code="1">0</subfield>
    <subfield code="2">ddc</subfield>
    <subfield code="4">0</subfield>
    <subfield code="7">0</subfield>
    <subfield code="8">NFIC</subfield>
    <subfield code="a">RUCL</subfield>
    <subfield code="b">RUCL</subfield>
    <subfield code="c">Stack</subfield>
    <subfield code="d">2010-08-17</subfield>
    <subfield code="e">Dhaka paragon Enterprise</subfield>
    <subfield code="g">39.95</subfield>
    <subfield code="l">0</subfield>
    <subfield code="o">579.6163 EDI 2003</subfield>
    <subfield code="r">2014-01-28 00:00:00</subfield>
    <subfield code="t">C-3</subfield>
    <subfield code="w">2014-01-28</subfield>
    <subfield code="y">BK</subfield>
  </datafield>
  <datafield tag="952" ind1=" " ind2=" ">
    <subfield code="0">0</subfield>
    <subfield code="1">0</subfield>
    <subfield code="2">ddc</subfield>
    <subfield code="4">0</subfield>
    <subfield code="7">0</subfield>
    <subfield code="8">NFIC</subfield>
    <subfield code="a">RUCL</subfield>
    <subfield code="b">RUCL</subfield>
    <subfield code="c">Stack</subfield>
    <subfield code="d">2010-08-17</subfield>
    <subfield code="e">Paragon Enter. Ltd. Dhaka</subfield>
    <subfield code="g">39.95</subfield>
    <subfield code="l">0</subfield>
    <subfield code="o">579.6163 EDI 2003</subfield>
    <subfield code="r">2016-10-04 00:00:00</subfield>
    <subfield code="t">C-2</subfield>
    <subfield code="w">2016-10-04</subfield>
    <subfield code="y">BK</subfield>
  </datafield>
  <datafield tag="952" ind1=" " ind2=" ">
    <subfield code="0">0</subfield>
    <subfield code="1">0</subfield>
    <subfield code="2">ddc</subfield>
    <subfield code="4">0</subfield>
    <subfield code="7">1</subfield>
    <subfield code="8">NFIC</subfield>
    <subfield code="a">RUCL</subfield>
    <subfield code="b">RUCL</subfield>
    <subfield code="c">Reading</subfield>
    <subfield code="d">2009-04-19</subfield>
    <subfield code="e">Dhaka, Paragon Enterpries Ltd.</subfield>
    <subfield code="g">39.95</subfield>
    <subfield code="l">0</subfield>
    <subfield code="o">579.6163 EDI 2003</subfield>
    <subfield code="r">2017-03-12 00:00:00</subfield>
    <subfield code="t">C-1</subfield>
    <subfield code="w">2017-03-12</subfield>
    <subfield code="y">BK</subfield>
  </datafield>
</record>
